Wanita dalam novel Tamil Malaysia (1910-1970) /
Saved in:
| Main Author: | |
|---|---|
| Format: | Thesis Book |
| Language: | Malay |
| Published: |
1995.
|
| Subjects: | |
| Tags: |
Add Tag
No Tags, Be the first to tag this record!
|
| LEADER | 01163cam a2200289 a 4500 | ||
|---|---|---|---|
| 001 | u408063 | ||
| 003 | SIRSI | ||
| 008 | 940428s1995 my t 00 1 may m | ||
| 035 | |a ACC-5104 | ||
| 040 | |a UMM | ||
| 090 | |a PL4758.85 |b M4Ahcs | ||
| 091 | |a Microfiche 14261 | ||
| 100 | 0 | 0 | |a Ahchee Subramaniam. |
| 245 | 1 | 0 | |a Wanita dalam novel Tamil Malaysia (1910-1970) / |c Ahchee a/p Subramaniam. |
| 260 | |c 1995. | ||
| 300 | |a ix, 188 leaves ; |c 29 cm. | ||
| 500 | |a Microfiche. Kuala Lumpur : University of Malaya Library, 1999. 3 fiches : negative ; 11 x 15 cm. | ||
| 502 | |a Dissertation (M.A.) -- Jabatan Pengajian India, Fakulti Sastera dan Sains Sosial, Universiti Malaya, 1996. | ||
| 504 | |a Includes bibliographical references. | ||
| 650 | 0 | |a Tamil fiction |z Malaysia |x History and criticism. | |
| 650 | 0 | |a Women in literature. | |
| 650 | 0 | |a Malaysian fiction (Tamil) |x History and criticism. | |
| 650 | 0 | |a Women |z Malaysia |x Fiction |x Characters. | |
| 710 | 2 | 0 | |a Universiti Malaya. |b Jabatan Pengajian India. |
| 948 | |a 03/03/1997 |b 09/08/2002 | ||
| 596 | |a 1 | ||
| 999 | |a PL4758.85 M4AHCS |w LC |c 1 |i A506433185 |d 4/7/2016 |e 4/7/2016 |l STACKS |m P01UTAMA |n 23 |r Y |s Y |t TESIS |u 19/6/1997 | ||
